| 000 | 01239nam a2200325 c 4500 | ||
|---|---|---|---|
| 999 |
_c28868 _d28868 |
||
| 003 | BLK | ||
| 005 | 20221031105346.0 | ||
| 008 | 180407b bul|||||r ||||||| ||bul|| | ||
| 010 | _aKNG00031468000 | ||
| 020 | _a954-529-148-6 | ||
| 040 | _aBLK | ||
| 041 |
_aBUL _cBUL |
||
| 080 |
_aАнглийска литература _b821.111 _x-31 _z821.111-31 |
||
| 100 | 1 |
_aФилдинг, Хелън _eпърви автор _9269976 |
|
| 139 |
_aФилдинг, Хелън _bФ 49 |
||
| 245 | 1 | 0 |
_aДневникът на Бриджет Джоунс _bРоман _cХелън Филдинг; прев. от англ. Савина Аспарухова Манолова. |
| 257 | _aGBR | ||
| 260 |
_bКолибри _c2000 _fСофия : Балкан прес |
||
| 300 |
_a285 с. _c20 см |
||
| 380 | _aX | ||
| 500 | _aОриг. загл. Bridget Jones's Diary / Helen Fielding. | ||
| 700 | 1 |
_aМанолова, Савина Аспарухова _eпрев. от англ. _9365598 |
|
| 852 | _aЦб 204232 | ||
| 856 | 4 | _qpdf | |
| 856 | 4 | _qpdf | |
| 942 |
_cKNG _n0 _08 _s1 |
||
| 944 |
_aCR _c15.01.2003 _lф / _kЛюдмила_Стоянова |
||
| 944 |
_aED _c19.12.2013 _lф / |
||
| 999 | _d28868 | ||